000 00676cam a2200253 a 4500
001 641713
003 OSt
005 20151008135002.0
008 880418c19871965nyub 000 1 eng d
020 _a0441172660 :
_c$4.50
035 _a(OCoLC)750379482
035 _a(OCoLC)ocn750379482
035 _a(CStRLIN)NYCG88-B27452
035 _a(NNC)641713
040 _aNNC
_cNNC
090 _aPS3558.E63
_bD8 1987g
100 1 _aHerbert, Frank.
245 1 0 _aDune :
_bbook one in the Dune chronicles /
_cFrank Herbert.
250 _aAce ed.
260 _aNew York :
_bAce Books,
_c1987, c1965.
300 _a535 p. :
_bmap ;
_c18 cm.
942 _2lcc
_cBK
999 _c250336
_d250336